MGMT6/ (Record no. 14426)
[ view plain ]
| 000 -LEADER | |
|---|---|
| fixed length control field | 00433nam a22001457a 4500 |
| 008 - FIXED-LENGTH DATA ELEMENTS--GENERAL INFORMATION | |
| fixed length control field | 160930b xxu||||| |||| 00| 0 eng d |
| 020 ## - INTERNATIONAL STANDARD BOOK NUMBER | |
| International Standard Book Number | 9781285091075 |
| 050 ## - LIBRARY OF CONGRESS CALL NUMBER | |
| Classification number | HD 28 .W55 2014 |
| 100 ## - MAIN ENTRY--PERSONAL NAME | |
| Personal name | William Chucks |
| 245 ## - TITLE STATEMENT | |
| Title | MGMT6/ |
| Statement of responsibility, etc. | Chuck Williams |
| 300 ## - PHYSICAL DESCRIPTION | |
| Extent | viii, 456p. : |
| Other physical details | ill. ; |
| Dimensions | 23cm. |
| 650 ## - SUBJECT ADDED ENTRY--TOPICAL TERM | |
| Topical term or geographic name as entry element | Management |
| 650 ## - SUBJECT ADDED ENTRY--TOPICAL TERM | |
| Topical term or geographic name as entry element | Administracion |
| General subdivision | publicaciones |
| Chronological subdivision | periodicas |
| 942 ## - ADDED ENTRY ELEMENTS (KOHA) | |
| Source of classification or shelving scheme | |
| Koha item type | Hard Covered Materials |
| Classification part | HD 28 .W55 2014 |
| Withdrawn status | Lost status | Source of classification or shelving scheme | Damaged status | Not for loan | Home library | Current library | Shelving location | Date acquired | Source of acquisition | Total Checkouts | Full call number | Barcode | Date last seen | Price effective from | Koha item type |
|---|---|---|---|---|---|---|---|---|---|---|---|---|---|---|---|
| MACHAKOS UNIVERSITY LIBRARY | MACHAKOS UNIVERSITY LIBRARY | Open shelf | 30/09/2016 | Donation (BFA) | HD 28 .W55 2014 | 26230 | 06/06/2019 | 30/09/2016 | Hard Covered Materials |